Statistiques concernant Plus grandes villes de France si toutes les glaces fondaient sur une carte

Cliquez ici pour prendre le quiz!

Statistiques générales

  • Ce quiz a été pris 485 fois
  • Le résultat moyen est 13 sur 20

Réponses sur la Carte

Les réponses sont colorées sur une échelle allant du rouge au vert en fonction du pourcentage des utilisateurs qui les ont devinées à leur premier essai. Vous pouvez retrouver ces pourcentages ci-dessous.
 

Statistiques - réponses

PopulationVille% Correct
522 228Lyon
97%
290 576Strasbourg
96%
498 003Toulouse
91%
159 106Dijon
81%
147 284Clermont-Ferrand
80%
158 240Grenoble
80%
120 211Metz
78%
174 082Saint-Etienne
75%
104 403Nancy
73%
180 318Reims
71%
117 026Orléans
70%
131 766Annecy
59%
130 592Limoges
54%
108 038Mulhouse
54%
118 258Besançon
53%
75 665Pau
50%
90 033Poitiers
48%
154 781Villeurbanne
43%
147 122Aix-en-Provence
41%
83 583Versailles
31%

Distribution des résultats

Percentile par nombre de réponses

% des personnes avec chaque résultat

Votre développement - résultats

Vous n’avez pas pris ce quiz